000 00583nam a22001937a 4500
005 20251108172916.0
008 250721s2004 xx 000 0 ara d
082 1 4 _a628.4/ تاد
100 1 _aتادرس، زين
245 1 0 _aتصميم و إدارة مواقع مكبات النفايات الصلبة /
246 1 1 _aDESIGN AND MANAGEMENT OF SOLIDWASTE DISPOSAL SITES
264 1 _aعمان :
_c2004.
300 _a38ص.
650 1 7 _aالهندسة الصحية
650 1 7 _aالتكنولوجيا
650 1 7 _aالفضلات
942 _2ddc
_cBK
999 _c91537
_d91537